| 000 | 00905cam a2200265 i 4500 | ||
|---|---|---|---|
| 001 | 31521 | ||
| 003 | Mx-PuUPA | ||
| 005 | 20240520123430.0 | ||
| 008 | 140415s2009 mx r 000 0 spa d | ||
| 020 | _a9789701072882 | ||
| 040 |
_aMX-PuUPA _bspa _erda _cMx-PuUPA _dMx-PuUPA |
||
| 041 | 0 | _aspa | |
| 100 | 1 |
_aRomero López, Álvaro Javier, _eautor _95019 |
|
| 245 | 1 | 0 |
_aContabilidad avanzada II : _bconsolidación B-8, B-4, B-14, NIF B-13, NIF C-13 / _cÁlvaro Javier Romero López |
| 250 | _aPrimera edición | ||
| 264 | 1 |
_aMéxico, D.F. : _bMcGraw-Hill Interamericana Editores, _c©2009 |
|
| 300 |
_axx, 319 páginas : _btablas ; _c27 cm |
||
| 336 |
_atexto _2rdacontent _btxt |
||
| 337 |
_asin medio _2rdamedia _bn |
||
| 338 |
_avolumen _2rdacarrier _bnc |
||
| 650 | 7 |
_2armarc _aContabilidad |
|
| 942 |
_2ddc _cLI _h657.046 _iR756 |
||
| 999 |
_c31521 _d31521 |
||